Word Ladder: Lenin's Locale Quiz Stats

 Plays Quiz Updated Mar 22, 2018

Challenge
Share
Tweet
Embed
Score 0/10 Timer 01:00
2 Plays Today
Hint 4-Letter Word % Correct
4-Letter Word LadderMASS
96.6%
4-Letter Word LadderM*A*S*H
96.2%
4-Letter Word LadderMUSH
94%
4-Letter Word Ladder•• RUSH ••
93.9%
4-Letter Word Ladder• MOSS •
92.2%
3-Letter Word LadderSIT
86.5%
3-Letter Word LadderSOW
82.9%
3-Letter Word Ladder• COW •
82.7%
3-Letter Word LadderSOT
78.4%
3-Letter Word Ladder•• SIA ••
47.8%

Today's Daily Dose

Word Ladder
King of the...

Quick Pick
The Doors Songs

On This Day
August 17th II

You're not logged in!

Compare scores with friends on all Sporcle quizzes.
Join for Free
OR
Log In

You Might Also Like...

Show Comments

Extras

Top Quizzes Today


Score Distribution

Your Account Isn't Verified!

In order to create a playlist on Sporcle, you need to verify the email address you used during registration. Go to your Sporcle Settings to finish the process.

Report this User

Report this user for behavior that violates our Community Guidelines.

Details: